000 00999nam a2200289 a 4500
001 25430
003 CO-ViMGA
005 20230915232058.0
008 141112s2004 ck r 000 u spa d
020 _a9786077854838
040 _aCO-ViMGA
_bspa
_cCO-ViMGA
041 _aspa
082 0 4 _aMEVIGAELA.3 P65i
100 1 _aPonce Cruz, Pedro.
_938794
245 1 0 _aInteligencia artificial con aplicaciones a la ingeniería /
_cPedro Ponce Cruz.
260 _aMéxico :
_bAlfaomega,
_c2010.
300 _axxvii, 348 p. : il. ; 23 cm.
504 _aIncluye bibliografía.
650 1 4 _aAlgoritmos.
650 1 4 _aInteligencia artificial
_917306
650 1 4 _aLógica difusa.
_938795
650 1 4 _aMATLAB (Programa para computador)
_938796
650 1 4 _aRedes neurales (Informática)
_938797
852 _17.648.30
942 _2ddc
_cBK
949 _an n
999 _c33019
_d33019